000 00567nam0a22002051 4500
001 v19\rc\1243970
005 20250617233238.0
035 _a(NLR Aleph) 004401399
090 _a3883498
_c3883498
100 _a20060306d1887 |||y0rusy50 ca
101 0 _arus
102 _aRU
105 _ay j |||||
200 1 _aКанвовые узоры и азбука
_fХромолитогр. М.Т. Соловьева
210 _aМосква
_d1887
801 0 _aRU
_bNLR
_gpsbo
801 1 _aRU
_bProSoft-M
_2rusmarc
852 _aNLR
_j18.198.5.125
942 _cBOOK
980 _aNB